Malini (Record no. 6453)

MARC details
000 -LEADER
fixed length control field 00438cam a2200193ua 4500
001 - CONTROL NUMBER
control field 7333
005 - DATE AND TIME OF LATEST TRANSACTION
control field 20260515114208.0
008 - FIXED-LENGTH DATA ELEMENTS--GENERAL INFORMATION
fixed length control field 141224n ii |||gr||||Z||||||ben
040 ## - CATALOGING SOURCE
Transcribing agency MAIN
041 ## - LANGUAGE CODE
Language code of text/sound track or separate title ben
082 ## - DEWEY DECIMAL CLASSIFICATION NUMBER
Classification number 891.442
100 ## - MAIN ENTRY--PERSONAL NAME
Personal name Tagore, R.,
Relator term Author.
245 ## - TITLE STATEMENT
Title Malini
Statement of responsibility, etc. By Rabindranath Tagore
250 ## - EDITION STATEMENT
Edition statement 1st.
260 ## - PUBLICATION, DISTRIBUTION, ETC.
Place of publication, distribution, etc. Kolkatta:
Name of publisher, distributor, etc. Biswabharati,
Date of publication, distribution, etc. 1968.
300 ## - PHYSICAL DESCRIPTION
Extent 71p.
653 ## - INDEX TERM--UNCONTROLLED
Uncontrolled term Bengali drama
942 ## - ADDED ENTRY ELEMENTS (KOHA)
Koha item type Books
Holdings
Withdrawn status Lost status Damaged status Not for loan Home library Current library Shelving location Date acquired Total checkouts Full call number Barcode Date last seen Copy number Price effective from Koha item type Date last checked out
        Naharkatiya College Library Naharkatiya College Library General stacks 09/19/2020   891.442 | TAG 12221 09/19/2020 8 09/19/2020 Books  
        Naharkatiya College Library Naharkatiya College Library General stacks 09/19/2020   891.442 | TAG 12263 09/19/2020 13 09/19/2020 Books  
        Naharkatiya College Library Naharkatiya College Library General stacks 09/19/2020   891.442 | TAG 12264 09/19/2020 1 09/19/2020 Books  
        Naharkatiya College Library Naharkatiya College Library General stacks 09/19/2020   891.442 | TAG 12265 09/19/2020 11 09/19/2020 Books  
        Naharkatiya College Library Naharkatiya College Library General stacks 09/19/2020   891.442 | TAG 12816 09/19/2020 6 09/19/2020 Books  
        Naharkatiya College Library Naharkatiya College Library General stacks 09/19/2020   891.442 | TAG 12817 09/19/2020 5 09/19/2020 Books  
        Naharkatiya College Library Naharkatiya College Library General stacks 09/19/2020   891.442 | TAG 12818 09/19/2020 4 09/19/2020 Books  
        Naharkatiya College Library Naharkatiya College Library General stacks 09/19/2020   891.442 | TAG 12819 09/19/2020 2 09/19/2020 Books  
        Naharkatiya College Library Naharkatiya College Library General stacks 09/19/2020 1 891.442 | TAG 12820 08/14/2023 14 09/19/2020 Books 09/29/2021
        Naharkatiya College Library Naharkatiya College Library General stacks 09/19/2020   891.442 | TAG 12821 09/19/2020 7 09/19/2020 Books  
        Naharkatiya College Library Naharkatiya College Library General stacks 09/19/2020   891.442 | TAG 12822 09/19/2020 12 09/19/2020 Books  
        Naharkatiya College Library Naharkatiya College Library General stacks 09/19/2020   891.442 | TAG 12824 09/19/2020 10 09/19/2020 Books  
        Naharkatiya College Library Naharkatiya College Library General stacks 09/19/2020   891.442 | TAG 12825 09/19/2020 15 09/19/2020 Books  
        Naharkatiya College Library Naharkatiya College Library General stacks 09/19/2020   891.442 | TAG 12826 09/19/2020 9 09/19/2020 Books  
        Naharkatiya College Library Naharkatiya College Library General stacks 09/19/2020   891.442 | TAG 12830 09/19/2020 3 09/19/2020 Books